000
00302nam a22001337a 4500
008
171130b xxu||||| |||| 00| 0 eng d
020
_a
9780774807784
041
_a
eng
080
_a
32
100
_a
19
101
_a
POL
245
_a
REBUILDING CANADIAN PARTY POLITICS
_c
CARTY,R.K
942
_2
udc
_c
BK
999
_c
38626
_d
38626